50s Artist by Song - Statistics

General Stats
  • This quiz has been taken 126 times
  • The average score is 6 of 15
Answer Stats
Song Artist % Correct
Jailhouse Rock Elvis Presley
96%
Johnny B. Goode Chuck Berry
88%
Come Fly with Me Frank Sinatra
75%
That's Amore Dean Martin
65%
Beyond the Sea Bobby Darin
52%
Unforgettable Nat King Cole
51%
Shake, Rattle and Roll Bill Haley and His Comets
36%
Earth Angel The Penguins
32%
Twilight Time The Platters
28%
Tequila The Champs
25%
Rockin' Robin Bobby Day
21%
Sh-Boom The Chords
20%
Round and Round Perry Como
19%
Pennies from Heaven Louis Prima
17%
Ain't We Got Fun Peggy Lee
11%
No matching quizzes found
Score Distribution
Percent of People with Each Score
Percentile by Number Answered
Your Score History
You have not taken this quiz